1863 1412 1975 1939 1134 1568 1114 1581 1073 1099 1937 1726 1733 1726 1792 1949 1635 1145 1941 1768 1501 1211 1720 1194 1616 1084 1335 1441 1068 1125 1410 1513 1434 1655 1743 1450 1758 1858 1453 1270 1346 1623 1164 1750 1230 1091 1949 1687 1263 1758 1764 1248 1869 1999 1159 1391 1623 1186 1078 1019 1811 1951 1717 1142 1979 1985 1108 1264 1340 1299 1532 1003 1705 1942 1125 1091 1072 1695 1679 1769 1738 1401 1988 1823 1930 1826 1813 1616 1019 1300 1519 1081 1434 1381 1614 1772 1903 1197 1839 BCNSPRNW ULIB Ver.6.0+V

เปลี่ยนเป็นภาษาไทย

Change to English
 แสดงรายละเอียดบรรณานุกรม
  กลับหน้าหลัก

Brief Record : Get Marc (ISO 2709) : E-mail record : QR code < ปิดหน้าต่าง
LEADER : 00000nam 2200000uu 4500
001    13399122006
003     ULIB
008    121219s2549||||th 000 0 tha d
020    ^a9749980891
060 04 ^aWL160^bช134พ 2549
100 0  ^aชนพ ช่วงโชติ
245 10 ^aพยาธิวิทยาวินิจฉัยของเนื้องอกระบบประสาท =^bDiagnosticpathology of the nervous system tumors /^cชนพ ช่วงโชติ
246 31 ^aDiagnostic pathology of the nervous system tumors
250    ^aพิมพ์ครั้งที่ 1
260    ^aกรุงเทพฯ :^bเท็กซ์ แอนด์ เจอร์นัล พับลิเคชั่น,^c2549
300    ^axi, 336 หน้า :^bภาพประกอบ ;^c30 ซม.
650  7 ^aประสาท, ระบบ, เนื้องอก^xพยาธิวิทยา
650  7 ^aประสาท, ระบบ, เนื้องอก^xการวินิจฉัย
945    ^p550^l0^i24633
995    ^aทศพร
999    ^aทศพร เกษรทอง
รายการนี้ยังไม่มีแท็ก
คุณยังไม่ได้ล็อกอิน คุณสามารถมีกิจกรรมร่วมกับเว็บไซต์ได้ แต่ต้องล็อกอินก่อน ::
  ล็อกอิน

รายการสื่อสารสนเทศ

ลำดับที่ ประเภท เลขเรียก/บาร์โค้ด สถานที่ สถานะ
1. วิทยาศาสตร์การแพทย์ และสุขภาพ
วิทยาศาสตร์การแพทย์ และสุขภาพ
WL160 ช134พ 2549 ฉ.1 
  Barcode: 24633
ห้องสมุดวิทยาเขตสวรรค์ประชารักษ์
►หนังสือทั่วไป
บนชั้น

BibComment


ยังไม่เคยถูกคอมเมนท์

คอมเมนท์ทรัพยากรรายการนี้
  คอมเมนท์: พยาธิวิทยาวินิจฉ..


 Copyright 2026. Bcnsprnw @Library